Sun Life Assurance plc v Thales Trac Ltd and another (Record no. 68212)

MARC details
000 -LEADER
fixed length control field 01484cam a2200229 4500
001 - CONTROL NUMBER
control field ABS64399
008 - FIXED-LENGTH DATA ELEMENTS--GENERAL INFORMATION
fixed length control field 010910n2001 000 0 eng u
035 ## - SYSTEM CONTROL NUMBER
System control number (Sirsi) u114496
245 ## - TITLE STATEMENT
Title Sun Life Assurance plc v Thales Trac Ltd and another
260 ## - PUBLICATION, DISTRIBUTION, ETC.
Date of publication, distribution, etc. 2001
490 ## - SERIES STATEMENT
Series statement Estates Gazette
Volume/sequential designation [2001] 34 EG100-105(5)
520 ## - SUMMARY, ETC.
Summary, etc. CA 10 May 2001. The tenants (T) held two leases from Sun Life (S). S had informed T that it would resist any renewal of the tenancies on redevelopment grounds and the tenants decided to relocate, purchasing adjoining land to the original site. However, T then served two requests for new tenancies; S first opposed it under the Landlord and Tenant Act 1954 s30(1) then withdrew their opposition. T did not reapply for the tenancies and gave up possession. It was found that T had made false proposals in their section 26 notices ; it was decided that the section 26 notices were not valid and T were not entitled to statutory disturbance payment under s37. T's appeal was allowed as the evidence of a tenant's state of mind was held to be inadmissible and legally irrelevant.
590 ## - LOCAL NOTE (RLIN)
Local note ABS
650 ## - SUBJECT ADDED ENTRY--TOPICAL TERM
Topical term or geographic name entry element LANDLORD AND TENANT ACT 1954
650 ## - SUBJECT ADDED ENTRY--TOPICAL TERM
Topical term or geographic name entry element SECTION 26 NOTICES
650 ## - SUBJECT ADDED ENTRY--TOPICAL TERM
Topical term or geographic name entry element SUN LIFE ASSURANCE V THALES TRACS LTD AND ANOTHER
650 ## - SUBJECT ADDED ENTRY--TOPICAL TERM
Topical term or geographic name entry element SUN LIFE ASSURANCE PLC V RACAL TRACS LTD
650 ## - SUBJECT ADDED ENTRY--TOPICAL TERM
Topical term or geographic name entry element STATUTORY COMPENSATION
650 ## - SUBJECT ADDED ENTRY--TOPICAL TERM
Topical term or geographic name entry element DISTURBANCE COMPENSATION
690 ## - LOCAL SUBJECT ADDED ENTRY--TOPICAL TERM (OCLC, RLIN)
Topical term or geographic name as entry element LANDLORD AND TENANT-BUSINESS TENANCIES-CASE LAW
942 ## - ADDED ENTRY ELEMENTS (KOHA)
Suppress in OPAC 0
Holdings
Withdrawn status Lost status Source of classification or shelving scheme Damaged status Not for loan Home library Current library Shelving location Date acquired Total Checkouts Full call number Barcode Date last seen Copy number Price effective from Koha item type
    Dewey Decimal Classification     London London Journal article 10/09/2001   ABS64399 114496-1001 06/08/2019 1 06/08/2019 Law report